<?xml version="1.0" encoding="UTF-8"?>
<record
    xmlns:xsi="http://www.w3.org/2001/XMLSchema-instance"
    xsi:schemaLocation="http://www.loc.gov/MARC21/slim http://www.loc.gov/standards/marcxml/schema/MARC21slim.xsd"
    xmlns="http://www.loc.gov/MARC21/slim">

  <leader>00437nam a2200157Ia 4500</leader>
  <controlfield tag="008">230125s9999    xx            000 0 und d</controlfield>
  <datafield tag="020" ind1=" " ind2=" ">
    <subfield code="a">9788121936415</subfield>
  </datafield>
  <datafield tag="041" ind1=" " ind2=" ">
    <subfield code="a">eng</subfield>
  </datafield>
  <datafield tag="082" ind1=" " ind2=" ">
    <subfield code="a">346.065</subfield>
    <subfield code="b">TUL</subfield>
  </datafield>
  <datafield tag="100" ind1=" " ind2=" ">
    <subfield code="a">Tulsian P C</subfield>
    <subfield code="9">109602</subfield>
  </datafield>
  <datafield tag="245" ind1=" " ind2=" ">
    <subfield code="a">Business and Corporate Laws</subfield>
    <subfield code="b">A Seif Study textbook</subfield>
  </datafield>
  <datafield tag="260" ind1=" " ind2=" ">
    <subfield code="c">2011</subfield>
    <subfield code="b">S. Chand &amp; Company Ltd.</subfield>
    <subfield code="a">New Delhi</subfield>
  </datafield>
  <datafield tag="700" ind1=" " ind2=" ">
    <subfield code="a">Tulsian P C</subfield>
    <subfield code="9">109602</subfield>
  </datafield>
  <datafield tag="906" ind1=" " ind2=" ">
    <subfield code="b">79.2</subfield>
  </datafield>
  <datafield tag="999" ind1=" " ind2=" ">
    <subfield code="c">93950</subfield>
    <subfield code="d">93950</subfield>
  </datafield>
  <datafield tag="952" ind1=" " ind2=" ">
    <subfield code="0">0</subfield>
    <subfield code="1">0</subfield>
    <subfield code="4">0</subfield>
    <subfield code="7">0</subfield>
    <subfield code="a">HIMR</subfield>
    <subfield code="b">HIMR</subfield>
    <subfield code="d">2016-02-23</subfield>
    <subfield code="e">Pritam Book Centre</subfield>
    <subfield code="g">360.00</subfield>
    <subfield code="i">9787</subfield>
    <subfield code="l">0</subfield>
    <subfield code="o">346.065 TUL B14006</subfield>
    <subfield code="p">HIMR-BK-14006</subfield>
    <subfield code="r">2023-01-25 00:00:00</subfield>
    <subfield code="v">280.80</subfield>
    <subfield code="w">2016-02-22</subfield>
    <subfield code="y">BK</subfield>
    <subfield code="z">B14006</subfield>
  </datafield>
  <datafield tag="952" ind1=" " ind2=" ">
    <subfield code="0">0</subfield>
    <subfield code="1">0</subfield>
    <subfield code="4">0</subfield>
    <subfield code="7">0</subfield>
    <subfield code="a">HIMR</subfield>
    <subfield code="b">HIMR</subfield>
    <subfield code="d">2016-02-23</subfield>
    <subfield code="e">Pritam Book Centre</subfield>
    <subfield code="g">360.00</subfield>
    <subfield code="i">9787</subfield>
    <subfield code="l">0</subfield>
    <subfield code="o">346.065 TUL B14007</subfield>
    <subfield code="p">HIMR-BK-14007</subfield>
    <subfield code="r">2023-01-25 00:00:00</subfield>
    <subfield code="v">280.80</subfield>
    <subfield code="w">2016-02-22</subfield>
    <subfield code="y">BK</subfield>
    <subfield code="z">B14007</subfield>
  </datafield>
</record>
